000 00512nam a22001697a 4500
008 130821s1926 fr gr fre
040 _aCo-BoUCM
_bspa
041 0 0 _afre
100 _aRodes, Jean
_9149985
245 0 0 _aBreviaire Stendhalien
_cJean Rodes
260 _aParís (Francia)
_bEditions du Siècle
_c1926
300 _a317 páginas
500 _aIncluye índice
650 0 4 _aDiarios íntimos
_913194
942 _cLIBRO
_a18
_e1
_mR63
_n0
_2DEWEY
_h808.883
999 _c86532
_d86532